| 000 | 00512nam a2200217Ia 4500 | ||
|---|---|---|---|
| 005 | 20250425161752.0 | ||
| 008 | 250425s9999 xx 000 0 und d | ||
| 020 | _a968422012X | ||
| 041 | _aspa | ||
| 082 | _a005.133 | ||
| 100 | _aWOOD, STEVE | ||
| 245 | 0 | _aTURBO PASCAL VERSION 3.0 | |
| 250 | _a1A ED. | ||
| 260 |
_aMéxico _bMCGRAW-HILL _c1986 |
||
| 260 | _aNAUCALPAN DE JUAREZ | ||
| 300 | _a314 | ||
| 650 | _aLENGUAJE DE PROGRAMACION | ||
| 650 | _aTURBO PASCAL | ||
| 942 | _c01 | ||
| 010 | _a28299 | ||
| 999 |
_c215748 _d215748 |
||